| 000 | 01208nam a2200265Ia 4500 | ||
|---|---|---|---|
| 001 | samceilingneedsp00gelm | ||
| 003 | CaSfIA | ||
| 005 | 20210119080148.0 | ||
| 007 | cr|||| | ||
| 008 | 810225s1964 nyua 000 0 eng d | ||
| 040 |
_aFTU _cFTU _dCaSfIA |
||
| 035 | _a(OCoLC)7155235 | ||
| 090 |
_aNC1499.G48 _bA4913 |
||
| 100 | 1 | _aGelman, Woody. | |
| 245 | 1 | 0 |
_a"Sam, the ceiling needs painting" / _h[electronic resource] _cby Woody Gelman, Sy Goodstadt, Mel Poretz. |
| 260 |
_aNew York : _bKanrom, _c1964. |
||
| 300 |
_a[46] p. : _ball ill. ; _c15 cm. |
||
| 700 | 1 |
_aGoodstadt, Sy, _ejoint author. |
|
| 700 | 1 |
_aPoretz, Mel, _ejoint author. |
|
| 856 | 4 | 1 |
_uhttp://www.archive.org/details/samceilingneedsp00gelm _zFree eBook from the Internet Archive |
| 856 | 4 | 2 |
_uhttp://www.openlibrary.org/books/OL24394623M _zAdditional information and access via Open Library |
| 942 | _cEB | ||
| 506 | _fНеобхідна авторизація на https://archive.org/ (створення облікового запису безкоштовно) | ||
| 506 | _fНеобхідна авторизація на https://openlibrary.org/ (створення облікового запису безкоштовно) | ||
| 999 |
_c545483 _d545483 |
||